000 00833nam a2200277 i 4500
001 69086
003 ES-MaACL
005 20250819035450.0
007 t|
008 040909s2001 sp ||||1| spa d
020 _a84-95503-23-9
080 _a929 Fernando (460) VII
080 _a94(460)"1814/33"
100 1 _aSánchez Mantero, Rafael.
_9102746
245 1 0 _aFernando VII /
_cRafael Sánchez Mantero.
250 _a1ª ed.
260 _aMadrid :
_bArlanza,
_c2001.
300 _a249 p. ;
_c23 cm.
490 1 _aLos Borbones ;
_v6
504 _aBibliografía: p. 237-240.
600 0 4 _aFernando
_bVII,
_cRey de España
_950206
651 4 _aEspaña-
_xHistoria-
_y1814-1833, Fernando VII
_98248
830 0 _aLos Borbones ;
_v6
_9183244
852 _aES-MaACL
_jL-28077
_bR.134049
999 _c69086
_d69086